| 000 | 00394nam a22001697a 4500 | ||
|---|---|---|---|
| 003 | OSt | ||
| 008 | 240127b |||||||| |||| 00| 0 eng d | ||
| 020 | _a9781760630720 | ||
| 082 |
_a158.1 _bKIC |
||
| 100 | _aKISHIMI,Ichiro | ||
| 245 | _aThe courage To Be Disliked | ||
| 250 | _a1st Ed | ||
| 260 |
_aUK _bAllen and Unwin _c2018 |
||
| 300 | _a272 | ||
| 650 | _aKOGA,Fumitake | ||
| 942 |
_2ddc _cBK |
||
| 999 |
_c12198 _d12198 |
||